000 00650nam a2200241Ia 4500
003 OSt
005 20230518145925.0
008 210423s2016 xx 000 0 und d
020 _a978-1-107-11294-0
040 _cAL
041 _aeng
082 _a581.6 KOCE
100 _aKOCHHAR (S L)
_9108406
245 _aEconomic botany: a comprehensive study Ed 5
250 _a5
260 _aDelhi
_bCambridge University Press
_c2016
300 _axx,664
_bHB
365 _b995
_cINR
650 _aBotanical Sciences
_9108407
650 _aEconomic Botany
_9108408
906 _abotany: ; comprehensive ; Economic ; Ed ; study
942 _2ddc
_cBK
999 _c167775
_d167775